Municipios actuales del Reino de Córdoba en un mapa - Estadísticas

Estadísticas generales
  • Esta prueba ha sido intentada 6 veces
    3 desde el último reinicio
  • La puntuación promedio es 35 de 67
Respuestas en el mapa
Las respuestas están codificadas por una escala verde-roja en el mapa de la prueba según el % correcto abajo.
 
Estadísticas de respuestas
Respuesta % Correcto
Cabra
100%
Córdoba
100%
Lucena
100%
Pozoblanco
100%
Puente Genil
100%
Rute
100%
Adamuz
67%
Aguilar
67%
Alcaracejos
67%
Benamejí
67%
Castro del Río
67%
Encinas Reales
67%
Espiel
67%
Fernán Núñez
67%
Fuente Obejuna
67%
Hornachuelos
67%
Iznájar
67%
La Rambla
67%
Los Blázquez
67%
Luque
67%
Montalbán de Córdoba
67%
Montilla
67%
Montoro
67%
Moriles
67%
Obejo
67%
Palma del Río
67%
Pedroche
67%
Posadas
67%
Priego de Córdoba
67%
Villanueva de Córdoba
67%
Villanueva del Rey
67%
Villaviciosa de Córdoba
67%
Almedinilla
33%
Almodóvar del Río
33%
Añora
33%
Baena
33%
Bujalance
33%
Cañete de las Torres
33%
Carcabuey
33%
Cardeña
33%
Chillón
33%
Conquista
33%
Doña Mencia
33%
Dos Torres
33%
El Carpio
33%
El Guijo
33%
El Viso
33%
Espejo
33%
Fuente-Tójar
33%
Guadalcázar
33%
Guadalmez
33%
La Granjuela
33%
La Victoria
33%
Montemayor
33%
Monturque
33%
Nueva Carteya
33%
Palenciana
33%
Pedro Abad
33%
Santaella
33%
Santa Eufemia
33%
Torrecampo
33%
Valenzuela
33%
Valsequillo
33%
Villa del Río
33%
Villaharta
33%
Villaralto
33%
Zuheros
33%
No se encontraron pruebas coincidentes
Distribución de puntuación
Porcentaje de gente con cada puntuación
Porcentaje por número respondido
Historial de tus puntuaciones
No has intentado esta prueba desde el último reinicio